000 00624nam a22002057a 4500
003 0
005 20231017123151.0
008 231017b xxu||||| |||| 00| 0 eng d
020 _a978-1-912859-58-0
050 _aG 156.5
_b.M94 2023
100 _aMyers, Deborah
245 _aWildlife tourism and conservation
_cDeborah Myers
260 _aLondon
_bVintage Press, Ltd
_cc2023.
300 _aix, 270 pages ;
_c24 cm.
500 _aEcotourism--economic aspects.
504 _aIncludes bibliographical references and index.
650 _aEcotourism--economic aspects.
650 _aConservation.
942 _2lcc
_cBK
999 _c365519
_d365519